000 00377nam a2200145Ia 4500
008 230917s9999||||xx |||||||||||||| ||und||
040 _e186185
_aMAIN
041 _aEnglish
082 _a363.325 R137W
100 _aRajan, V G Julie
245 0 _aWomen suicide bombers: Narratives of violence
260 _aNew York
_bRoutledge
_c2011
300 _axii, 384 p.
942 _cBK
999 _c151997
_d151997